| 000 | 00429nam a2200157Ia 4500 | ||
|---|---|---|---|
| 005 | 20250422101047.0 | ||
| 008 | 231217s9999 xx 000 0 und d | ||
| 020 | _a9788131215227 | ||
| 082 | _a001.6424UML BAR;1 | ||
| 100 | _aBarclay, K. Savage, J. | ||
| 245 | 0 | _aObject oriented design with UML and Java | |
| 260 |
_c2004 _bElsevier _aNew Delhi |
||
| 300 | _axiii, 401 | ||
| 650 | _aObject,oriented,UML,Java | ||
| 942 | _cAA | ||
| 999 |
_c195279 _d195279 |
||